Beyond the sunrise / (Record no. 886)

MARC details
000 -LEADER
fixed length control field 01393cam a22003373a 4500
005 - DATE AND TIME OF LATEST TRANSACTION
control field 20231124151232.0
020 ## - INTERNATIONAL STANDARD BOOK NUMBER
International Standard Book Number 9780439446174
020 ## - INTERNATIONAL STANDARD BOOK NUMBER
International Standard Book Number 078073004508
040 ## - CATALOGING SOURCE
Original cataloging agency LAL
Transcribing agency LAL
Modifying agency OCLCQ
-- LEO
-- XY4
-- OCL
-- TCA
-- BAKER
-- DLC
Language of cataloging eng
050 00 - LIBRARY OF CONGRESS CALL NUMBER
Classification number PZ7.B140398
082 ## - DEWEY DECIMAL CLASSIFICATION NUMBER
Classification number 813
100 1# - MAIN ENTRY--PERSONAL NAME
Personal name Baglio, Ben M.
245 10 - TITLE STATEMENT
Title Beyond the sunrise /
Statement of responsibility, etc. Ben M. Baglio ; illustrations by Judith Lawton.
250 ## - EDITION STATEMENT
Edition statement First Scholastic printing, April 2003
260 ## - PUBLICATION, DISTRIBUTION, ETC.
Place of publication, distribution, etc. New York ;
Name of publisher, distributor, etc. Scholastic,
Date of publication, distribution, etc. 2003.
300 ## - PHYSICAL DESCRIPTION
Extent 151 pages. :
Other physical details illustrations. ;
Dimensions 20 cm.
490 ## - SERIES STATEMENT
Series statement Dolphin Diaries
500 ## - GENERAL NOTE
General note "An Apple Paperback."
505 ## - FORMATTED CONTENTS NOTE
Formatted contents note R <br/>
520 ## - SUMMARY, ETC.
Summary, etc. The McGraths have arrived in Sundarbans Delta, at the mouth of the great Ganges River. There, Jody hopes to see the rare and unusual Irrawaddy dolphins. Her wish comes true when at last she spots one, whom she names Sandhi. but her world is turned upside down when she learns there are poachers around, and Sandhi is missing. Does Sandhi have a secret hiding place, or has she been caught. -- back cover.
521 ## - TARGET AUDIENCE NOTE
Target audience note 740 <br/>
Source Lexile <br/>
521 ## - TARGET AUDIENCE NOTE
Target audience note R <br/>
Source Raz-Plus <br/>
650 #0 - SUBJECT ADDED ENTRY--TOPICAL TERM
Topical term or geographic name entry element Dolphins
Form subdivision Fiction.
650 #0 - SUBJECT ADDED ENTRY--TOPICAL TERM
Topical term or geographic name entry element Poachers
Form subdivision Fiction.
650 #1 - SUBJECT ADDED ENTRY--TOPICAL TERM
Topical term or geographic name entry element Dolphins
Form subdivision Fiction.
650 #1 - SUBJECT ADDED ENTRY--TOPICAL TERM
Topical term or geographic name entry element Poachers
Form subdivision Fiction.
700 1# - ADDED ENTRY--PERSONAL NAME
Personal name Lawton, Judith
Relator term illustrator
906 ## - LOCAL DATA ELEMENT F, LDF (RLIN)
a 7
b cbc
c copycat
d 3
e ncip
f 20
g y-gencatlg
942 ## - ADDED ENTRY ELEMENTS (KOHA)
Source of classification or shelving scheme Dewey Decimal Classification
Koha item type Books
Suppress in OPAC No
999 ## -
-- 886
-- 886
Holdings
Withdrawn status Lost status Source of classification or shelving scheme Damaged status Not for loan Collection Home library Current library Shelving location Date acquired Total Checkouts Full call number Barcode Date last seen Date last checked out Price effective from Koha item type
    Dewey Decimal Classification     Juvenile Fiction Footprints International School Library Network Toul Kork Campus Footprints International School Library Network Toul Kork Campus   07/13/2023 2 BAG 813 PZ7.B140398 FIS01096 04/08/2024 03/22/2024 07/13/2023 Books